| Tag |
First Indicator |
Second Indicator |
Subfields |
| LEADER |
00000cam a2200000 a 4500 |
| 001 |
in00000855430 |
| 005 |
20151019071703.0 |
| 008 |
851101m19859999dcu f00110 eng d |
| 010 |
|
|
|a gp 86000163
|
| 035 |
|
|
|a (OCoLC)12746007
|
| 035 |
|
|
|9 AED6531AM
|
| 040 |
|
|
|a GPO
|c GPO
|d UtOrBLW
|
| 043 |
|
|
|a n-us---
|
| 074 |
|
|
|a 323
|
| 086 |
0 |
|
|a D 101.9:335-11/985
|
| 110 |
1 |
|
|a United States.
|b Department of the Army.
|
| 245 |
1 |
0 |
|a List of approved recurring management information requirements :
|b management information control.
|
| 264 |
|
1 |
|a Washington, DC :
|b Headquarters, Dept. of the Army,
|c 1985-
|
| 300 |
|
|
|a 1 volume (loose-leaf) ;
|c 28 cm.
|
| 336 |
|
|
|a text
|b txt
|2 rdacontent
|
| 337 |
|
|
|a unmediated
|b n
|2 rdamedia
|
| 338 |
|
|
|a volume
|b nc
|2 rdacarrier
|
| 490 |
1 |
|
|a Army regulation ;
|v 335-11
|
| 500 |
|
|
|a Caption title.
|
| 500 |
|
|
|a "Current as of 30 December 1985."
|
| 500 |
|
|
|a "This regulation supersedes AR 335-11, 15 June 1985"--P. [1].
|
| 500 |
|
|
|a Shipping list number: 85-976-P.
|
| 500 |
|
|
|a "1 November 1985."
|
| 500 |
|
|
|a Includes index.
|
| 610 |
1 |
0 |
|a United States.
|b Army
|v Records and correspondence.
|
| 610 |
1 |
0 |
|a United States.
|b National Guard Bureau
|x Records and correspondence.
|
| 650 |
|
0 |
|a Management information systems.
|
| 740 |
0 |
|
|a Management information control.
|
| 810 |
1 |
|
|a United States.
|b Department of the Army.
|t Army regulation ;
|v no. 335-11.
|
| 999 |
|
|
|a MARS
|
| 999 |
f |
f |
|s 6c96c905-1418-3800-b0bc-22ef0b02f2cd
|i dabf13f9-5d0d-3ada-bf44-ae57979cb1f8
|t 0
|
| 952 |
f |
f |
|p normal
|a Texas A&M University
|b College Station
|c Sterling C. Evans Library
|d Evans: US Documents (Annex 5th floor)
|t 0
|e D 101.9: 335-11/985
|h Superintendent of Documents classification
|i unmediated -- volume
|m A14815798330
|
| 998 |
f |
f |
|a D 101.9: 335-11/985
|t 0
|l Evans: US Documents (Annex 5th floor)
|